000 00274nam a2200109Ia 4500
008 230907s9999||||xx |||||||||||||| ||und||
082 _a500.2
_bINT
100 _aShipman, John T.
_9116036
245 3 _aAn introduction to physical science /
300 _a730 p.
942 _cBK
999 _c600870
_d600870